Braves All-Decade Teams - Statistics

General Stats
  • This quiz has been taken 30 times
    13 since last reset
  • The average score is 70 of 176
Answer Stats
Hint Position Answer % Correct
2010s SS Andrelton Simmons
100%
2020s 3B Austin Riley
100%
2020s SP Chris Sale
100%
2010s 1B Freddie Freeman
100%
2020s 1B Matt Olson
100%
2020s SP Max Fried
100%
2020s CF Michael Harris II
100%
2020s 2B Ozzie Albies
100%
2020s RF Ronald Acuña Jr.
100%
2020s SP Spencer Strider
100%
2020s C Travis D'Arnaud
100%
2000s CF Andruw Jones
83%
2000s 3B Chipper Jones
83%
1980s CF Dale Murphy
83%
2020s SS Dansby Swanson
83%
2020s LF Eddie Rosario
83%
1990s SP Greg Maddux
83%
1960s RF Hank Aaron
83%
1990s SP John Smoltz
83%
1990s SP Tom Glavine
83%
2000s C Brian McCann
67%
2010s 2B Dan Uggla
67%
2010s CF Ender Inciarte
67%
1990s 1B Fred McGriff
67%
2010s RF Jason Heyward
67%
2010s SP Julio Teheran
67%
1970s SP Phil Niekro
67%
2010s C Tyler Flowers
67%
1950s SP Warren Spahn
67%
2000s 1B Adam LaRoche
50%
1890s CF Billy Hamilton
50%
1890s 2B Bobby Lowe
50%
1980s 3B Bob Horner
50%
1920s SP Bob Smith
50%
1970s 2B Davey Johnson
50%
1990s RF David Justice
50%
2000s SP Derek Lowe
50%
1970s CF Dusty Baker
50%
1950s 3B Eddie Mathews
50%
1960s CF Felipe Alou
50%
1970s RF Gary Matthews
50%
2000s LF Gary Sheffield
50%
1870s SS George Wright
50%
1990s C Javy Lopez
50%
1990s SS Jeff Blauser
50%
1960s C Joe Torre
50%
2010s 3B Josh Donaldson
50%
1890s SP Kid Nichols
50%
2000s 2B Marcus Giles
50%
1990s 2B Mark Lemke
50%
2010s LF Martin Prado
50%
2010s SP Mike Foltynewicz
50%
2000s SS Rafael Furcal
50%
1910s 3B Red Smith
50%
1990s LF Ryan Klesko
50%
1990s 3B Terry Pendleton
50%
2000s SP Tim Hudson
50%
1980s SP Zane Smith
50%
1870s SP Al Spalding
33%
1870s LF Andy Leonard
33%
1910s SP Bill James
33%
1950s CF Billy Bruton
33%
1880s 3B Billy Nash
33%
1940s 3B Bob Elliott
33%
1980s LF Brett Butler
33%
1980s C Bruce Benedict
33%
1930s 1B Buck Jordan
33%
1970s SP Carl Morton
33%
1980s 1B Chris Chambliss
33%
1980s RF Claudell Washington
33%
1960s 3B Clete Boyer
33%
1970s 3B Darell Evans
33%
1870s C Deacon White
33%
1950s C Del Crandall
33%
1960s SS Denis Menke
33%
1880s CF Dick Johnston
33%
1910s SP Dick Rudolph
33%
1940s 1B Earl Torgeson
33%
1970s C Earl Williams
33%
1940s 2B Eddie Stanky
33%
1940s C Ernie Lombardi
33%
1900s SP Erv Young
33%
1880s SS Ezra Sutton
33%
1960s 2B Felix Millan
33%
1900s 1B Fred Tenney
33%
1980s 2B Glenn Hubbard
33%
1930s LF Hal Lee
33%
1910s C Hank Gowdy
33%
1890s SS Herman Long
33%
1890s RF Hugh Duffy
33%
1880s 2B Jack Burdock
33%
2000s RF JD Drew
33%
1970s 1B Jeff Burroughs
33%
1890s 3B Jimmy Collins
33%
1870s CF Jim O'Rourke
33%
1880s SP Jim Whitney
33%
1950s 1B Joe Adcock
33%
1890s SP John Clarkson
33%
1870s 1B John Morrill
33%
1950s SS Johnny Logan
33%
1940s SP Johnny Sain
33%
1880s C King Kelly
33%
1910s SP Lefty Tyler
33%
1950s SP Lew Burdette
33%
1990s CF Marquis Grissom
33%
1890s C Marty Bergen
33%
1970s SS Marty Perez
33%
1880s SP Old Hoss Radbourn
33%
1960s 1B Orlando Cepeda
33%
1980s SP Pascual Perez
33%
1930s 3B Pinkey Whitney
33%
1910s SS Rabbit Maranville
33%
1970s LF Ralph Garr
33%
1980s SS Raphael Ramirez
33%
1950s 2B Red Schoendienst
33%
1960s LF Rico Carty
33%
1920s 2B Rogers Hornsby
33%
1870s 2B Ross Barnes
33%
1950s LF Sid Gordon
33%
2010s SP Tommy Hanson
33%
1940s RF Tommy Holmes
33%
1890s LF Tommy McCarthy
33%
1960s SP Tony Cloninger
33%
1900s SP Vic Willis
33%
1930s CF Wally Berger
33%
1940s SS Al Dark
17%
1920s C Al Spohrer
17%
1930s SP Ben Cantwell
17%
1900s 2B Bill Sweeney
17%
1920s RF Billy Southworth
17%
1930s SS Billy Urbanski
17%
1950s SP Bob Buhl
17%
1910s 1B Butch Schmidt
17%
1970s SP Buzz Capra
17%
1870s RF Cal McVey
17%
1880s SP Charlie Buffington
17%
1870s SP Curry Foley
17%
1880s 1B Dan Brouthers
17%
1920s SS Dave Bancroft
17%
1900s 3B Dave Brain
17%
1900s RF Duff Cooley
17%
1900s SS Ed Abbaticchio
17%
1920s SP Ed Brandt
17%
1930s RF Gene Moore
17%
1920s 1B George Sisler
17%
1900s CF Ginger Beaumont
17%
1870s 3B Harry Schafer
17%
1940s CF Jeff Heath
17%
1900s LF Jim Delahanty
17%
1940s SP Jim Tobin
17%
1930s SP Jim Turner
17%
1910s CF Joe Connolly
17%
1880s RF Joe Hornung
17%
1920s SP Joe Oeschger
17%
1910s 2B Johnny Evers
17%
1920s CF Lance Richbourg
17%
1910s LF Les Mann
17%
1930s SP Lou Fette
17%
1940s LF Max West
17%
1960s SP Pat Jarvis
17%
1900s C Pat Moran
17%
1920s LF Ray Powell
17%
1980s SP Rick Mahler
17%
1960s SP Ron Reed
17%
2000s SP Russ Ortiz
17%
1930s C Shanty Hogan
17%
1910s RF Sherry Magee
17%
1890s SP Ted Lewis
17%
1900s SP Togie Pittinger
17%
1870s SP Tommy Bond
17%
1890s 1B Tommy Tucker
17%
1880s LF Tom Poorman
17%
1920s 3B Tony Boeckel
17%
1930s 2B Tony Cuccinello
17%
1940s SP Vern Bickford
17%
1950s RF Wes Covington
17%
No matching quizzes found
Score Distribution
Percent of People with Each Score
Percentile by Number Answered
Your Score History
You have not taken this quiz since the last reset